2025 FIFA Club World Cup Teams Logos - Statistics

General Stats
  • This quiz has been taken 81 times
  • The average score is 20 of 32
Answer Stats
Picture Answer % Correct
Manchester City
99%
Paris Saint-Germain
99%
Real Madrid
99%
Bayern Munich
97%
Chelsea
96%
Juventus
96%
Borussia Dortmund
91%
Inter Milan
91%
Atlético Madrid
87%
Porto
81%
Benfica
79%
Inter Miami CF
79%
Al Hilal
69%
River Plate
69%
Flamengo
67%
Boca Juniors
66%
Botafogo
64%
Palmeiras
64%
Monterrey
56%
Seattle Sounders FC
56%
Fluminense
54%
Al Ahly
50%
Pachuca
47%
Red Bull Salzburg
41%
Auckland City
37%
Al Ain
36%
León
36%
Espérance de Tunis
30%
Mamelodi Sundowns
30%
Ulsan HD
29%
Urawa Red Diamonds
29%
Wydad AC
27%
No matching quizzes found
Score Distribution
Percent of People with Each Score
Percentile by Number Answered
Your Score History
You have not taken this quiz